Music Quiz

Random Music or Song Quiz
Score 0/13 Timer 03:00
0 Plays Today
Album Song % Correct
Help!Help!, The Night Before...
94.4%
Please Please MeI Saw Her Standing There, Misery...
91.6%
Let It BeTwo of Us, Dig a Pony...
90.9%
A Hard Day's NightA Hard Day's Night, I Should Have Known Better...
90.8%
Yellow SubmarineYellow Submarine, Only a Northern Song...
90.4%
Sgt. Pepper's Lonely Hearts Club BandSgt. Pepper's Lonely Hearts Club Band, With a Little Help from My Friends...
88.4%
Magical Mystery Tour Magical Mystery Tour, The Fool on the Hill...
84.4%
The Beatles (The White Album)Back in the U.S.S.R...
78.8%
Abbey RoadCome Together, Something...
73.2%
Rubber SoulDrive My Car, Norwegian Wood (This Bird Has Flown)...
69.7%
RevolverTaxman, Eleanor Rigby...
69.3%
Beatles for SaleNo Reply, I'm a Loser...
45.6%
With the BeatlesIt Won't Be Long, All I've Got To Do...
45.2%
Remove Ads.
Support Sporcle.
Get the best of Sporcle when you Go Orange. This ad-free experience offers more features, more stats, and more fun while also helping to support Sporcle. Thank you for becoming a member.

You're not logged in!

Compare scores with friends on all Sporcle quizzes.
OR
Log In

Show Comments

Extras

Top Quizzes Today


Score Distribution

Your Account Isn't Verified!

In order to create a playlist on Sporcle, you need to verify the email address you used during registration. Go to your Sporcle Settings to finish the process.

Report this User

Report this user for behavior that violates our Community Guidelines.

Details: